OPAC Home

පස්චස්තාප ධර්ම විනිශ්චය (Record no. 97805)

MARC details
000 -LEADER
fixed length control field 00517nam a2200181Ia 4500
003 - CONTROL NUMBER IDENTIFIER
control field LK-CoDNM
005 - DATE AND TIME OF LATEST TRANSACTION
control field 20240122150611.0
008 - FIXED-LENGTH DATA ELEMENTS--GENERAL INFORMATION
fixed length control field 010623t1935 xxu||||| |||| 00| 1 sin d
040 ## - CATALOGING SOURCE
Original cataloging agency LK-CoDNM
Modifying agency LK-CoDNM
Description conventions LK-CoDNM
041 ## - LANGUAGE CODE
Language code of text/sound track or separate title Sinhala; Sinhalese
080 ## - UNIVERSAL DECIMAL CLASSIFICATION NUMBER
Universal Decimal Classification number 104
Item number L 2
942 ## - ADDED ENTRY ELEMENTS (KOHA)
Koha item type Books
100 ## - MAIN ENTRY--PERSONAL NAME
Personal name Vajiravansa Tissa Thero,Urapola.
245 ## - TITLE STATEMENT
Title පස්චස්තාප ධර්ම විනිශ්චය
246 ## - VARYING FORM OF TITLE
Title proper/short title Paschaththaapa Dharma Vinissaya
260 ## - PUBLICATION, DISTRIBUTION, ETC. (IMPRINT)
Name of publisher, distributor, etc. Lankatilaka
Place of publication, distribution, etc. Gampaha
Date of publication, distribution, etc. 1935
300 ## - PHYSICAL DESCRIPTION
Other physical details 14p, 21 cm
Holdings
Withdrawn status Lost status Damaged status Not for loan Collection code Permanent Location Current Location Date acquired Full call number Barcode Koha item type
    Damaged   Monographs Library National Museum Colombo - Sri Lanka Library National Museum Colombo - Sri Lanka 2023-08-02 104 L 2 OB977 20 Books
Copyright © 2023 Department of National Museum, Colombo 07, Sri Lanka Funded by UNESCO IFAP UNESCO